000 00482nam a2200181Ia 4500
005 20250508151431.0
008 008 250505s9999 xx 000 0 eng d
037 _aTextual
040 _aFEDL
_beng
_cFEDL
041 _aeng
_2eng
084 _a370.942 1, LON
_qFEDL
245 0 _aLondon education service
260 _aLondon, UK
_bCounty Hall
_c1927
300 _a119p
650 _aEducation
942 _cTEXL
_h370.942 1, LON
999 _c1329757
_d1329757